| 000 | 00475nam a2200157 i 4500 | ||
|---|---|---|---|
| 001 | 38975 | ||
| 003 | ES-MaACL | ||
| 005 | 20230906155849.0 | ||
| 007 | t| | ||
| 008 | 030226s1977 sp ||||1| spa d | ||
| 100 | 1 |
_aCalvo Hernando, Pedro. _933887 |
|
| 245 | 1 | 0 |
_aCamarada Intxausti _b: retrato político de José Sanroma Aldea / _cPedro Calvo Hernando. |
| 260 |
_a[Madrid] : _bEmiliano Escolar, _c[1977] |
||
| 300 |
_a141 p. ; _c18 cm. |
||
| 852 |
_aES-MaACL _jA-6995 _bR.96162 |
||
| 999 |
_c38975 _d38975 |
||